| 000 | 00605nam a2200229Ia 4500 | ||
|---|---|---|---|
| 003 | OSt | ||
| 005 | 20220925214713.0 | ||
| 006 | a|||||r|||| 00| 0 | ||
| 007 | ta | ||
| 008 | 220923b |||||||| |||| 00| 0 eng d | ||
| 037 | _cGeneral Book | ||
| 040 |
_aRTL _cRTL _beng |
||
| 041 |
_2eng _aeng |
||
| 082 | _aX:9914, G3 | ||
| 100 | _aPigou A. C. | ||
| 245 | 0 | _aTheory of unemployment | |
| 260 |
_aLondon _bFrank Cass and Co. U. K. _c1933 |
||
| 300 |
_axxv, 319p. _ccm. |
||
| 650 |
_aUnemployment _9231991 |
||
| 942 |
_hX:9914, G3 _cGB _2CC |
||
| 999 |
_c566345 _d566345 |
||